000 00422nam a2200157Ia 4500
008 210210b2001 xxu||||| |||| 00| 0 eng d
020 _a81 260 1071 1
082 _a809.88914 SAHK
100 _aSAHITYA AKADEMI.
245 _aK shivarama karanth.
260 _aN D
_bSahitya Akademi
_c2001
300 _a129
650 _aK Shivarama Karanth C N Ramachandran
690 _aIndian English Literature
906 _aSG04706
999 _c115280
_d115280